00393nam a2200157Ia 45000010006000000050017000060080041000230410008000640820018000721000023000902450069001132600009001823000028001916500008002196540008002271571720260306170216.0260306t1990||||xx |||||||||||||| ||und|| aESP a590.724bG366 aGoodall, JaneeAUT 0aThrough a window:bmy thirty years with the chimpanzees of gombe c1990 a268 páginas :c24 cm. aGEN aCCN